000 00556nam a2200181Ia 4500
008 240729s9999 xx 000 0 und d
022 _a2213-3615
245 0 _aJournal of Indian College of Cardiology
260 _aIndia
260 _bWolters Kluwer Medknow Publications
650 _a Diseases of the circulatory (Cardiovascular) system
650 _a Internal medicine
650 _a Specialties of internal medicine
650 _aMedicine
856 _uhttps://doaj.org/toc/0682967d0c804a319516fd3061743c08
942 _2ddc
942 _cDOAJEJ
999 _c67416
_d67416
945 _a1
_bMadushi Gamage
_c1
_dMadushi Gamage